| 000 | 00346nam a22001457a 4500 | ||
|---|---|---|---|
| 003 | SGT | ||
| 020 | _a978-93-80316-42-0 | ||
| 082 |
_a616.07 _bE15Y |
||
| 100 | _aYADAV, RAJBALA | ||
| 245 | _aESSENTIALS OF PRACTICAL PATHOLOGY FOR UNDER GRADUATE | ||
| 260 |
_aNEW DELHI _bAHUJA PUB _c2015 |
||
| 300 | _a231 | ||
| 650 | _aPHARMACY | ||
| 942 |
_2ddc _cBK |
||
| 999 |
_c11070 _d11070 |
||